000 00410cam a2200169ua 4500
001 2910
008 131128n1982 II |||gr||||Z||||||asm
040 _aMAIN
041 _aEnglish
082 _a954 SHA
100 _aSHARMA, ADYANATH.
245 _aBHARAT MANISHA
260 _aGUWAHATI
_bGAUHATI UNIVERSITY COORDINATION COMMITTEE
_c1982
300 _a303.:
_c24CM.
653 _aSouth Asia India
942 _cBK
999 _c2904
_d2904